000 01524aam a2200385 i 4500
001 768714001
003 CO-MdFUSB
005 20260424124804.0
007 ta
008 241129t2004 -us||||| |||| 001 0 spa d
020 _a978-0-88113-777-4
040 _bspa
_cCO-MdFUSB
_dCO-MdFUSB
041 _aspa
_heng
082 0 4 _223
_a232.9
_bM116
100 1 _aMacArthur, John,
_d1939-
_eautor
240 _aTwelve ordinary men.
245 1 0 _aDoce hombres comunes y corrientes
_c/ John MacArthur ; traducido por Eugenio Orellana
264 1 _aNashville, Tennessee :
_bCaribe,
_c[2004]
264 4 _c©2004
300 _a217 páginas
_c; 20 cm
336 _atexto
_btxt
_2rdacontent
337 _2rdamedia
_asin mediación
_bn
338 _2rdacarrier
_avolumen
_bnc
500 _aIncluye índice
505 _aHombres comunes y corrientes, un llamado poco común -- Pedro, el apóstol impetuoso -- Andrés, el apóstol de las cosas pequeñas -- Jacobo, el apóstol de la pasión -- Juan, el apóstol del amor -- Felipe, el analítico -- Natanael, en quien no hay engaño -- Mateo, el cobrador de impuestos; y Tomás, el gemelo -- Jacobo el menor, Simón el Zelote y Judas (no el Iscariote) -- Judas, el traidor.
563 _aRústico
650 0 _aVida cristiana
_919
650 7 _aReligión
_9385
653 _aApóstoles
653 _aBiografías bíblicas
653 _aLiderazgo cristiano
700 _aOrellana, Eugenio. ‎
_95070
_etraductor
942 _cBK
945 _aCatherine Arias Alvarez
999 _c71250
_d71250